Voyage de l'oeil

में बचाया:
ग्रंथसूची विवरण
मुख्य लेखक: Taillandier, Yvon
स्वरूप: पुस्तक
भाषा:Undetermined
प्रकाशित: París, Francia Clamann-Lévy 1960
विषय:
टैग: टैग जोड़ें
कोई टैग नहीं, इस रिकॉर्ड को टैग करने वाले पहले व्यक्ति बनें!

MARC

LEADER 00000nam a2200000Ia 4500
008 170316s9999 xx 000 0 und d
040 |a cru BVZT 
090 |a 840 T-1v 
100 |a Taillandier, Yvon 
245 |a Voyage de l'oeil 
260 |a París, Francia 
260 |b Clamann-Lévy 
260 |c 1960 
300 |a 232 páginas 
650 |a LITERATURA FRANCESA 
999 |c 8026  |d 8026 
942 |c 15 D  |h 840 T-1v  |2 z